Circular Economy as an Approach to Innovations and New Business Opportunities

Cyklická ekonomika je v súčasnosti považovaná za veľmi dôležitú súčasť trhového hospodárstva. Štúdie v tejto oblasti sú rôzne. Predkladaný článok sa zameriava na teoretické analýzy zahraničných výskumov v danej oblasti a realizáciu cyklického ekonomického problému v národných podnikoch trhového hosp...

Descrizione completa

Salvato in:
Dettagli Bibliografici
Autore principale: Boorová, Brigita, 1979-
Altri autori: Porubanová, Klaudia
Natura: Capitolo di libro
Lingua:inglese
Soggetti:
Tags: Aggiungi Tag
Nessun Tag, puoi essere il primo ad aggiungerne!!

MARC

LEADER 00000nla a2200000 4500
001 0243096
005 20240502073939.0
041 0 |a eng 
044 |a SK 
245 1 0 |a Circular Economy as an Approach to Innovations and New Business Opportunities 
520 |a Cyklická ekonomika je v súčasnosti považovaná za veľmi dôležitú súčasť trhového hospodárstva. Štúdie v tejto oblasti sú rôzne. Predkladaný článok sa zameriava na teoretické analýzy zahraničných výskumov v danej oblasti a realizáciu cyklického ekonomického problému v národných podnikoch trhového hospodárstva. Enviromentálna politika a trvalo udržateľný rozvoj na Slovensku. 
610 2 0 |a cykly hospodárske 
610 2 0 |a prostredie životné 
610 2 0 |a rozvoj trvalo udržateľný 
610 2 0 |a hospodárstvo národné 
610 2 0 |a výroba cyklická 
610 2 0 |a zdroje energie 
610 2 0 |a politika environmentálna 
610 2 0 |a inovácie environmentálne 
610 2 0 |a inovácie sociálne 
100 1 |a Boorová, Brigita, 1979- 
700 1 |a Porubanová, Klaudia